000 01178cam a2200337 4500
008 090401t1995 xxu||||| |||| 00| 0 eng d
020 _a0644430699
022 _a1018-6530
035 _a(Sirsi) u38333
041 _aeng
050 _a526.9
_c18
110 _aFederation International Des Geometres
245 _aFAO and FIG future collaboration in cadastral reform in rural economies in transition
_breport of the round table meeting in Melbourne, Australia 4 March, 1994, jointly hosted by the UN Food and Agriculture Organisation (FAO) and the International Federation of Surveyors (FIG)
260 _aCanberra
_bFIG
_c1995
300 _a21p.
_c21cm.
350 _a0
490 _aFIG Publication
_v10 1995
520 _aAims to stimulate discussion on the administration and management of land in developing countries.
650 _aBRAZIL
650 _aFIJI
650 _aINDONESIA
650 _aLATVIA
650 _aLITHUANIA
650 _aNIGERIA
650 _aPERU
650 _aPOLAND
650 _aZIMBABWE
690 _aENVIRONMENTAL AND LAND CONSULTANCY-GEOMATICS-LAND SURVEYING-CADASTRAL SURVEYING
942 _n0
948 _c04/03/1997
999 _c90637
_d90637